00505 a2200181 450000100060000002000060000604000370001210000230004924000300007224500250010230000120012736200090013944000190014865000310016794200070019895201010020599900170030671913 a  cAnchieta - Colégio São Paulo aMachado, Ana Maria10aPassarinho me contoulpor10aPassarinho me contou a20[1p.]0 a1991 1aNova Fronteira 4aLiteratura infanto-juvenil cBK 00104070a88.1b88.1d2023-11-22l0o028.5 M149p1213/CSPr2023-11-22 14:28:12w2023-11-22yBK c71913d71913